<?xml version="1.0" encoding="UTF-8"?>
<collection xmlns="http://www.loc.gov/MARC21/slim">
 <record>
  <leader>02671nam a22002777a 4500</leader>
  <controlfield tag="001">NCT_36397</controlfield>
  <controlfield tag="008">180523b        xxu||||| |||| 00| 0 vie d</controlfield>
  <datafield tag="999" ind1=" " ind2=" ">
   <subfield code="c">1756</subfield>
   <subfield code="d">1756</subfield>
  </datafield>
  <datafield tag="020" ind1=" " ind2=" ">
   <subfield code="c">113000</subfield>
  </datafield>
  <datafield tag="082" ind1="0" ind2="4">
   <subfield code="2">23rd ed.</subfield>
   <subfield code="a">624.151</subfield>
   <subfield code="b">L426</subfield>
  </datafield>
  <datafield tag="245" ind1="1" ind2="0">
   <subfield code="a">Cơ học đất</subfield>
   <subfield code="n">Tập 1</subfield>
   <subfield code="c">Nguyễn Văn Thơ (chủ biên) [et al.]</subfield>
  </datafield>
  <datafield tag="260" ind1=" " ind2=" ">
   <subfield code="a">H.</subfield>
   <subfield code="b">Nhà xuất bản xây dựng</subfield>
   <subfield code="c">2013</subfield>
  </datafield>
  <datafield tag="300" ind1=" " ind2=" ">
   <subfield code="a">264 tr.</subfield>
   <subfield code="c">27 cm</subfield>
  </datafield>
  <datafield tag="520" ind1="3" ind2=" ">
   <subfield code="a">Công trình xây dựng thường lấy đất làm nền (cầu, nhà...), làm vật liệu xây dựng (nền đường đắp, đê đập, công trình san lấp...) và làm môi trường xây dựng (công trình ngầm: hầm giao thông, cống thoát nước dưới mặt đường...). Do các công trình xây dựng đều lấy đất làm đối tượng sử dụng, vì vậy, khi xây dựng công trình liên quan đến đất và các công trình hoặc bộ phận công trình làm việc tương tác với đất, chúng ta cần phải hiểu rõ về đất. Nếu không hiểu rõ về đất thì sẽ xảy ra những sự cố khi thi công và sử dụng công trình, có thể gây ra những tổn thất nghiêm trọng.  Tập 1 cuốn sách &quot;Cơ học đất&quot; gồm các nội dung sau:  - Chương 1: Quá trình hình thành đất và các tính chất của đất.  - Chương 2: Tính chất cơ học của đất.  - Chương 3: Ứng suất trong đất.  - Chương 4: Lún của nền đất.</subfield>
  </datafield>
  <datafield tag="653" ind1=" " ind2=" ">
   <subfield code="a">Kỹ thuật công trình xây dựng</subfield>
  </datafield>
  <datafield tag="700" ind1="1" ind2=" ">
   <subfield code="a">Nguyễn Văn thơ</subfield>
   <subfield code="e">Chủ biên</subfield>
  </datafield>
  <datafield tag="700" ind1="1" ind2=" ">
   <subfield code="a">Nguyễn Ngọc Phúc</subfield>
   <subfield code="e">Chủ biên</subfield>
  </datafield>
  <datafield tag="700" ind1="1" ind2=" ">
   <subfield code="a">Trần Minh Lợi</subfield>
  </datafield>
  <datafield tag="700" ind1="1" ind2=" ">
   <subfield code="a">Đinh Văn Thức</subfield>
  </datafield>
  <datafield tag="700" ind1="1" ind2=" ">
   <subfield code="a">Phạm Hữu Phước</subfield>
  </datafield>
  <datafield tag="942" ind1=" " ind2=" ">
   <subfield code="2">ddc</subfield>
   <subfield code="c">BK</subfield>
  </datafield>
  <datafield tag="952" ind1=" " ind2=" ">
   <subfield code="0">0</subfield>
   <subfield code="1">0</subfield>
   <subfield code="2">ddc</subfield>
   <subfield code="4">0</subfield>
   <subfield code="6">624_151000000000000_L426</subfield>
   <subfield code="7">0</subfield>
   <subfield code="9">8650</subfield>
   <subfield code="a">000001</subfield>
   <subfield code="b">000001</subfield>
   <subfield code="d">2018-05-23</subfield>
   <subfield code="o">624.151 L426</subfield>
   <subfield code="p">MD.08414</subfield>
   <subfield code="r">2018-05-23</subfield>
   <subfield code="v">113000.00</subfield>
   <subfield code="w">2018-05-23</subfield>
   <subfield code="y">BK</subfield>
  </datafield>
  <datafield tag="952" ind1=" " ind2=" ">
   <subfield code="0">0</subfield>
   <subfield code="1">0</subfield>
   <subfield code="2">ddc</subfield>
   <subfield code="4">0</subfield>
   <subfield code="6">624_151000000000000_L426</subfield>
   <subfield code="7">0</subfield>
   <subfield code="9">8651</subfield>
   <subfield code="a">000001</subfield>
   <subfield code="b">000001</subfield>
   <subfield code="d">2018-05-23</subfield>
   <subfield code="o">624.151 L426</subfield>
   <subfield code="p">MD.08415</subfield>
   <subfield code="r">2018-05-23</subfield>
   <subfield code="v">113000.00</subfield>
   <subfield code="w">2018-05-23</subfield>
   <subfield code="y">BK</subfield>
  </datafield>
  <datafield tag="952" ind1=" " ind2=" ">
   <subfield code="0">0</subfield>
   <subfield code="1">0</subfield>
   <subfield code="2">ddc</subfield>
   <subfield code="4">0</subfield>
   <subfield code="6">624_151000000000000_L426</subfield>
   <subfield code="7">0</subfield>
   <subfield code="9">8652</subfield>
   <subfield code="a">000001</subfield>
   <subfield code="b">000001</subfield>
   <subfield code="d">2018-05-23</subfield>
   <subfield code="o">624.151 L426</subfield>
   <subfield code="p">MD.08416</subfield>
   <subfield code="r">2018-05-23</subfield>
   <subfield code="v">113000.00</subfield>
   <subfield code="w">2018-05-23</subfield>
   <subfield code="y">BK</subfield>
  </datafield>
  <datafield tag="952" ind1=" " ind2=" ">
   <subfield code="0">0</subfield>
   <subfield code="1">0</subfield>
   <subfield code="2">ddc</subfield>
   <subfield code="4">0</subfield>
   <subfield code="6">624_151000000000000_L426</subfield>
   <subfield code="7">0</subfield>
   <subfield code="9">8653</subfield>
   <subfield code="a">000001</subfield>
   <subfield code="b">000001</subfield>
   <subfield code="d">2018-05-23</subfield>
   <subfield code="o">624.151 L426</subfield>
   <subfield code="p">MD.08417</subfield>
   <subfield code="r">2018-05-23</subfield>
   <subfield code="v">113000.00</subfield>
   <subfield code="w">2018-05-23</subfield>
   <subfield code="y">BK</subfield>
  </datafield>
  <datafield tag="980" ind1=" " ind2=" ">
   <subfield code="a">Thư viện Trường Đại học Nam Cần Thơ</subfield>
  </datafield>
 </record>
</collection>
